[Event "Guernsey Holiday op 41st"]
[Site "Guernsey"]
[Date "2015.10.24"]
[Round "7"]
[White "Day, Fred G"]
[Black "Rowe, Oliver"]
[Result "1-0"]
[WhiteElo "1510"]
[BlackElo "1561"]
[PlyCount "91"]
[EventDate "2015.10.18"]
[EventType "swiss"]
[EventRounds "7"]
[EventCountry "GCI"]
[SourceTitle "EXT 2022"]
[Source "ChessBase"]
[SourceDate "2021.10.06"]
[SourceVersion "1"]
[SourceVersionDate "2021.10.06"]
[SourceQuality "1"]

1. d4 Nf6 2. Nf3 c5 3. c3 cxd4 4. Nxd4 d5 5. e3 a6 6. Be2 e5 7. Nc2 b5 8. 0-0 Bc5 9. Nd2 0-0 10. Nf3 Re8 11. a4 bxa4 12. Rxa4 Bd7 13. Ra1 a5 14. b4 Bb6 15. bxa5 Rxa5 16. Rxa5 Bxa5 17. Nb4 Bxb4 18. cxb4 Qb6 19. Bd2 Nc6 20. b5 Na7 21. Qa1 Nxb5 22. Nxe5 Qc7 23. Nxd7 Qxd7 24. Rb1 Nd6 25. Bc3 Nde4 26. Bxf6 Nxf6 27. Bb5 Qe6 28. Bxe8 Nxe8 29. Rb8 Kf8 30. Qa3+ Kg8 31. Qc5 Qe5 32. Rb1 Qe4 33. Rd1 Nf6 34. Qc8+ Ne8 35. Qd8 h6 36. Qxd5 Qh4 37. g3 Nf6 38. Qd4 Qg4 39. h4 h5 40. Qd3 Qe6 41. Rb1 g6 42. Kg2 Ng4 43. e4 Qa2 44. Rb8+ Kh7 45. Qd4 Kh6 46. Qh8# 1-0